000 00503nam a2200169Ia 4500
008 240729s9999 xx 000 0 und d
022 _a2050-4357
245 0 _aHealth Services and Delivery Research
260 _aUnited Kingdom
260 _bNational Institute for Health Research
650 _a Medicine (General)
650 _a Public aspects of medicine | Medicine
650 _aMedicine
856 _uhttps://doaj.org/toc/6156988d58ee4d5abb0800a2408725fb
942 _2ddc
942 _cDOAJEJ
999 _c66428
_d66428
945 _a1
_bMadushi Gamage
_c1
_dMadushi Gamage